Loading...
| Literature - British Literature | 0 | 7 | 0 | 0 | 70 | 105 | 132.57 | 0 | 0 |
| Philosophy | 0 | 6 | 0 | 2 | 60 | 106 | 125.83 | 0 | 0 |
| Literature - World Literature | 0 | 6 | 0 | 0 | 60 | 119 | 131.33 | 0 | 0 |
| Social Science | 0 | 5 | 0 | 1 | 50 | 115 | 120.40 | 0 | 1 |
| Science - Physics | 0 | 6 | 2 | 2 | 50 | 109 | 124.83 | 0 | 0 |
| Science - Biology | 0 | 5 | 0 | 0 | 50 | 114 | 125.40 | 0 | 0 |
| Science - Other Science | 0 | 5 | 1 | 2 | 45 | 105 | 121.20 | 0 | 0 |
| Literature - European Literature | 0 | 4 | 0 | 1 | 40 | 108 | 132.00 | 0 | 0 |
| Fine Arts - Classical Music | 0 | 4 | 0 | 0 | 40 | 121 | 131.25 | 0 | 0 |
| Fine Arts - Other Fine Arts | 0 | 4 | 0 | 1 | 40 | 114 | 134.00 | 0 | 0 |
| Literature - American Literature | 0 | 4 | 1 | 1 | 35 | 109 | 129.25 | 0 | 0 |
| Religion | 0 | 3 | 0 | 0 | 30 | 118 | 120.00 | 0 | 1 |
| Science - Chemistry | 0 | 3 | 1 | 1 | 25 | 124 | 130.67 | 0 | 0 |
| Current Events | 0 | 2 | 0 | 1 | 20 | 136 | 137.50 | 0 | 0 |
| History - American History | 0 | 2 | 1 | 1 | 15 | 108 | 121.00 | 0 | 0 |
| History - Other History | 0 | 1 | 0 | 0 | 10 | 128 | 128.00 | 0 | 0 |
| History - World History | 0 | 1 | 0 | 0 | 10 | 143 | 143.00 | 0 | 0 |
| Mythology | 0 | 1 | 0 | 0 | 10 | 140 | 140.00 | 0 | 0 |
| Fine Arts - Painting & Sculpture | 0 | 1 | 0 | 0 | 10 | 140 | 140.00 | 0 | 0 |
| History - European History | 0 | 1 | 1 | 0 | 5 | 132 | 132.00 | 0 | 0 |
| Other Academic | 0 | 0 | 0 | 0 | 0 | 0.00 | 0 | 0 |